[Event "Central Region-ch U10"]
[Site "Manizales"]
[Date "2014.05.18"]
[Round "6.5"]
[White "Mejia Perez, Jose Manuel"]
[Black "Echeverry, Pedro Alejandro"]
[Result "1-0"]
[WhiteElo "1304"]
[BlackElo "1270"]
[PlyCount "42"]
[EventDate "2014.05.15"]
[EventType "swiss"]
[EventRounds "6"]
[EventCountry "COL"]
[SourceTitle "EXT 2024"]
[Source "ChessBase"]
[SourceDate "2023.10.10"]
[SourceVersion "1"]
[SourceVersionDate "2023.10.10"]
[SourceQuality "1"]

1. e4 Nf6 2. Nc3 a6 3. Bc4 Nc6 4. Nf3 e5 5. 0-0 Be7 6. h3 d6 7. Ng5 Qd7 8. Nxf7 0-0 9. Nxe5+ Kh8 10. Nxd7 Bxd7 11. d4 Na5 12. Bd3 c6 13. e5 dxe5 14. dxe5 Nd5 15. Nxd5 cxd5 16. Re1 Bf5 17. Bxf5 Rxf5 18. Qxd5 Nc6 19. Qe6 Nd4 20. Qxe7 Nxc2 21. Qxb7 Rd8 1-0

[Event "Central Region-ch U10"]
[Site "Manizales"]
[Date "2014.05.16"]
[Round "3.4"]
[White "Echeverry, Pedro Alejandro"]
[Black "Marulanda Leon, Juan David"]
[Result "1-0"]
[WhiteElo "1270"]
[BlackElo "1301"]
[PlyCount "98"]
[EventDate "2014.05.15"]
[EventType "swiss"]
[EventRounds "6"]
[EventCountry "COL"]
[SourceTitle "EXT 2024"]
[Source "ChessBase"]
[SourceDate "2023.10.10"]
[SourceVersion "1"]
[SourceVersionDate "2023.10.10"]
[SourceQuality "1"]

1. d4 d5 2. Nc3 Nf6 3. Bg5 e6 4. Nf3 Nc6 5. e3 Bd7 6. Bb5 a6 7. Bxc6 Bxc6 8. Bxf6 Qxf6 9. Qe2 Bb4 10. a3 Bxc3+ 11. bxc3 Ba4 12. Rb1 b6 13. 0-0 Qg6 14. Ne1 0-0 15. Nd3 Bb5 16. h3 Qf6 17. Ra1 e5 18. a4 Bc4 19. dxe5 Qxe5 20. Nxe5 Bxe2 21. Rfe1 Bc4 22. Nd7 Rad8 23. Ne5 f6 24. Nxc4 dxc4 25. a5 b5 26. e4 Rd2 27. Ra2 Rb8 28. e5 fxe5 29. Rxe5 Kf7 30. Rc5 Rb7 31. Rc6 Rd6 32. Rxd6 cxd6 33. Ra1 Re7 34. Rd1 Re6 35. f4 g6 36. Rf1 Re2 37. Rf2 Rxf2 38. Kxf2 Kf6 39. Ke3 Ke6 40. Ke4 d5+ 41. Kd4 Kd6 42. g4 h6 43. f5 h5 44. f6 Ke6 45. Kc5 Kxf6 46. Kxd5 Kf7 47. Kc6 b4 48. cxb4 c3 49. Kb6 Ke6 1-0